000
00399nam a2200133Ia 4500
008
191206s9999 xx 000 0 und d
020
_a
0316596833 (pbk.)
090
_a
HD31M2942
245
0
_a
Managing Organizations: Readings and cases
260
_a
"Little, Brown"
260
_c
cc1982
300
_a
"xi, 557 p. : ill. ; 24 cm."
999
_c
16431
_d
16431